000 00500nam a2200181Ia 4500
001 20079
005 20260306172740.0
008 260306t2003||||xx |||||||||||||| ||spa||
041 _aESP
082 _a342.211
_bP35 T. 1
100 _aPeces-Barba Martinez, Gregorio
_eAUT
245 0 _aHistoria de los derechos fundamentales:
_btransito a la modernidad siglo XVI y XVII
260 _c2003
300 _axii, 875 páginas
_c24 cm.
650 _aGEN
654 _aCDE
942 _cLIB
_dJUS
_fJUS
_2ddc
_n
999 _c20079
_d20079